Library Logo

Pioneer International University Library Catalogue

Beyond Ethnicism: (Record no. 9260)

MARC details
000 -LEADER
fixed length control field 00435nam a22001337a 4500
005 - DATE AND TIME OF LATEST TRANSACTION
control field 20250901165804.0
008 - FIXED-LENGTH DATA ELEMENTS--GENERAL INFORMATION
fixed length control field 250319b |||||||| |||| 00| 0 eng d
020 ## - INTERNATIONAL STANDARD BOOK NUMBER
International Standard Book Number 9789966190307
050 ## - LIBRARY OF CONGRESS CALL NUMBER
Classification number LC 1099.3 .N34 2015
245 ## - TITLE STATEMENT
Title Beyond Ethnicism:
Remainder of title Exploring Ethnic and Racial Diversity for Educators
Statement of responsibility, etc. Alice Wairimu Nderitu
260 ## - PUBLICATION, DISTRIBUTION, ETC.
Place of publication, distribution, etc. Nairobi :
Name of publisher, distributor, etc. Mdahalo Brdging Divides,
Date of publication, distribution, etc. 2015 .
300 ## - PHYSICAL DESCRIPTION
Extent 167 pages :
Other physical details ill.:
Dimensions 27 cm .
942 ## - ADDED ENTRY ELEMENTS (KOHA)
Source of classification or shelving scheme Library of Congress Classification
Holdings
Withdrawn status Lost status Source of classification or shelving scheme Damaged status Not for loan Collection Home library Current library Shelving location Date acquired Total checkouts Full call number Barcode Date last seen Price effective from Koha item type
    Library of Congress Classification       Main Library Main Library   03/19/2025   LC 1099.3 .N34 2015 PIUD0000137 04/08/2025 03/19/2025 Books
    Library of Congress Classification       Main Library Main Library   03/19/2025   LC 1099.3 .N34 2015 PIUD0000138 04/08/2025 03/19/2025 Books